BSOP header

Strong family, weak state : (Record no. 37623)

MARC details
000 -LEADER
fixed length control field 00937cam a2200265Ia 4500
001 - CONTROL NUMBER
control field 4450710
005 - DATE AND TIME OF LATEST TRANSACTION
control field 20140711184741.0
008 - FIXED-LENGTH DATA ELEMENTS--GENERAL INFORMATION
fixed length control field 120927s2012 ph b 001 0 eng
020 ## - INTERNATIONAL STANDARD BOOK NUMBER
International Standard Book Number 9789715506427
020 ## - INTERNATIONAL STANDARD BOOK NUMBER
International Standard Book Number 9715506429
042 ## - AUTHENTICATION CODE
Authentication code lcode
043 ## - GEOGRAPHIC AREA CODE
Geographic area code a-ph---
100 1# - MAIN ENTRY--PERSONAL NAME
Personal name Kaelin, Lukas.
245 10 - TITLE STATEMENT
Title Strong family, weak state :
Remainder of title Hegel's political philosophy and the Filipino family /
Statement of responsibility, etc Lukas Kaelin.
264 ## - PRODUCTION, PUBLICATION, DISTRIBUTION, MANUFACTURE STATEMENTS
Place of production, publication, distribution, manufacture Quezon City, Manila, Philippines :
Name of producer, publisher, distributor, manufacturer <a href="Ateneo de Manila University Press,">Ateneo de Manila University Press,</a>
Date of production, publication, distribution, manufacture c2012.
300 ## - PHYSICAL DESCRIPTION
Extent xxii, 236 p. ;
Dimensions 18 cm.
336 ## - CONTENT TYPE
Source rdacontent
Content Type Term text
337 ## - MEDIA TYPE
Source rdamedia
Media Type Term unmediated
338 ## - CARRIER TYPE
Source rdacarrier
Carrier Type Term volume
504 ## - BIBLIOGRAPHY, ETC. NOTE
Bibliography, etc Includes bibliographical references (p. 216-227) and index.
600 10 - SUBJECT ADDED ENTRY--PERSONAL NAME
Personal name Hegel, Georg Wilhelm Friedrich,
Dates associated with a name 1770-1831
General subdivision Contributions in philosophy of family.
650 #0 - SUBJECT ADDED ENTRY--TOPICAL TERM
Topical term or geographic name as entry element Families
Geographic subdivision Philippines.
651 #0 - SUBJECT ADDED ENTRY--GEOGRAPHIC NAME
Geographic name Philippines
General subdivision Politics and government.
942 ## - ADDED ENTRY ELEMENTS (KOHA)
Source of classification or shelving scheme Library of Congress Classification
Item type Books
Holdings
Withdrawn status Lost status Source of classification or shelving scheme Damaged status Not for loan Home library Current library Shelving location Date acquired Source of acquisition Cost, normal purchase price Inventory number Total Checkouts Full call number Barcode Date last seen Price effective from Koha item type Copy number
    Library of Congress Classification     BSOP Library BSOP Library Filipiniana 07/11/2014   375.00 36632   JC233.H46 K11 2012 00044232 07/11/2014 07/11/2014 Books  
    Library of Congress Classification     BSOP Library BSOP Library Filipiniana 07/11/2014   375.00 36633   JC233.H46 K11 2012 00044233 07/11/2014 07/11/2014 Books c. 2
BSOP

Biblical Seminary of the Philippines
  All rights Reserved
  © 2024

CONTACT INFORMATION

Biblical Seminary of the Philippines,
  77-B Karuhatan Road, Valenzuela City,
  PHILIPPINES 1441
  Phone: +632 8292-6795 / 8292-6798
  Fax : +632 8292-6675
  Email: library@bsop.edu.ph